[Event "FRA-ch U16 Girls"]
[Site "Saint Paul Trois Chateaux"]
[Date "2013.04.29"]
[Round "2"]
[White "Koppe, Melissa"]
[Black "Bellaiche, Elise"]
[Result "0-1"]
[WhiteElo "1611"]
[BlackElo "2041"]
[PlyCount "124"]
[EventDate "2013.04.28"]
[EventType "swiss"]
[EventRounds "9"]
[EventCountry "FRA"]
[SourceTitle "CBM 154 Extra"]
[Source "ChessBase"]
[SourceDate "2013.06.25"]
[SourceVersion "2"]
[SourceVersionDate "2013.06.25"]
[SourceQuality "1"]

1. e4 c5 2. Nf3 e6 3. d4 cxd4 4. Nxd4 Nf6 5. Nc3 Nc6 6. Be3 Bb4 7. f3 d5 8. Nxc6 bxc6 9. exd5 exd5 10. Bd4 0-0 11. Be2 c5 12. Bxf6 Qxf6 13. 0-0 Bxc3 14. bxc3 Be6 15. Qd2 Rad8 16. Qe3 c4 17. Qd4 Qxd4+ 18. cxd4 Bf5 19. c3 Rb8 20. g4 Bc2 21. Rf2 Ba4 22. Bd1 Bc6 23. Re2 f5 24. Re6 Rb6 25. h3 fxg4 26. fxg4 Re8 27. Rxe8+ Bxe8 28. Bf3 Bf7 29. Re1 Rb2 30. Re7 Rxa2 31. Rd7 Kf8 32. Bxd5 Bxd5 33. Rxd5 Ra3 34. Rd7 a5 35. Ra7 Rxc3 36. Rxa5 Rxh3 37. Rc5 c3 38. Kg2 Rd3 39. Rc4 Ke7 40. Kf2 Kd6 41. Ke2 Rg3 42. g5 Rxg5 43. Rxc3 Rg4 44. Rh3 h6 45. Kd3 Ke6 46. Rh5 Kf6 47. Kc4 Kg6 48. Re5 h5 49. Kc5 h4 50. d5 h3 51. d6 h2 52. d7 h1Q 53. d8Q Qc1+ 54. Kb6 Rb4+ 55. Rb5 Rxb5+ 56. Kxb5 Qg5+ 57. Qxg5+ Kxg5 58. Kc4 Kf4 59. Kd3 Kf3 60. Kd2 Kf2 61. Kd3 g5 62. Ke4 g4 0-1

[Event "FRA-ch U14 Girls"]
[Site "Montlucon"]
[Date "2011.04.17"]
[Round "1"]
[White "Koppe, Melissa"]
[Black "Thomas, Apolline"]
[Result "0-1"]
[WhiteElo "1450"]
[BlackElo "1685"]
[PlyCount "160"]
[EventDate "2011.04.17"]
[EventType "swiss"]
[EventRounds "9"]
[EventCountry "FRA"]
[SourceTitle "CBM 142 Extra"]
[Source "ChessBase"]
[SourceDate "2011.06.27"]
[SourceVersion "1"]
[SourceVersionDate "2011.06.27"]
[SourceQuality "1"]

1. e4 e5 2. Nf3 Nc6 3. Bc4 Bc5 4. d3 Nf6 5. Nc3 d6 6. h3 h6 7. 0-0 0-0 8. Be3 Bb6 9. a3 Be6 10. Ba2 Bxa2 11. Nxa2 d5 12. Bxb6 axb6 13. Re1 dxe4 14. dxe4 Qe7 15. Nc3 Rfd8 16. Nd5 Qe6 17. Nxf6+ Qxf6 18. Qe2 Ne7 19. Qb5 Ng6 20. b4 Rd6 21. Rad1 Qe7 22. a4 Rad8 23. Rxd6 Rxd6 24. Kf1 Kf8 25. Kg1 Qe6 26. Kf1 Qe8 27. Qxe8+ Kxe8 28. h4 f6 29. h5 Ne7 30. b5 Kf7 31. Ke2 g6 32. g4 c6 33. Rd1 Rxd1 34. Kxd1 Ke6 35. Kd2 Kd6 36. Kd3 Kc5 37. bxc6 bxc6 38. Kc3 g5 39. Nd2 Nc8 40. Nb3+ Kd6 41. Kc4 Kc7 42. f3 Nd6+ 43. Kc3 Nf7 44. Nd2 Kd6 45. Kc4 Kc7 46. Nf1 Kb7 47. Ne3 Nd6+ 48. Kc3 Ka6 49. Kb4 Ka7 50. Kb3 Kb7 51. Kb4 Ka6 52. Kb3 Ka5 53. Ka3 b5 54. axb5 Kxb5 55. Kb3 Kc5 56. Kc3 Nb5+ 57. Kd3 Nd4 58. Nf5 Nxf5 59. gxf5 Kb4 60. c3+ Kb3 61. Kd2 c5 62. c4 Kxc4 63. Kc2 Kd4 64. Kd2 c4 65. Kc2 c3 66. Kc1 Kd3 67. Kd1 Ke3 68. Kc2 Kxf3 69. Kxc3 Kxe4 70. Kc4 Kxf5 71. Kd3 e4+ 72. Ke3 g4 73. Kf2 Kf4 74. Kf1 Kf3 75. Kg1 e3 76. Kf1 e2+ 77. Ke1 g3 78. Kd2 Kf2 79. Kd3 e1Q 80. Kc2 Qe3 0-1